000
00261nam a2200109Ia 4500
001
588757
005
20250717120837.0
008
250717s9999 xx 000 0 und d
245
0
_a
Z-2 ALTIN NİNE
_c
MERYEM UÇAR
260
_b
ERDEM YAYINLARI
_c
2018
300
_b
86
999
_c
588757
_d
588757